Australian States And Territories - Statistics

General Stats
  • This quiz has been taken 10 times
  • The average score is 7 of 8
Answer Stats
Hint Answer % Correct
NSW New South Wales
100%
QLD Queensland
100%
TAS Tasmania
100%
VIC Victoria
100%
NT Northern Territory
89%
WA Western Australia
89%
SA South Australia
78%
ACT Australian Capital Territory
67%
No matching quizzes found
Score Distribution
Percent of People with Each Score
Percentile by Number Answered
Your Score History
You have not taken this quiz